| 000 | 00849nam a2200229 i 4500 | ||
|---|---|---|---|
| 001 | 68986 | ||
| 003 | ES-MaACL | ||
| 005 | 20250721153153.0 | ||
| 007 | t| | ||
| 008 | 040823s1910 sp |||| | spa d | ||
| 245 | 0 | 0 | _aMedalla en honor de Menéndez y Pelayo. |
| 260 |
_aMadrid : _b[s.n.], _c1910 ( _fTip. de la Rev. de Archivos, Bibliotecas y Museos) |
||
| 300 |
_a16 p., [1] h. de lám. ; _c25 cm. |
||
| 500 | _aEncuadernado con otras obras. | ||
| 530 | _aDisponible en formato digital. | ||
| 600 | 1 | 0 |
_aMenéndez y Pelayo, Marcelino, _d1856-1912- _vHomenajes _9206510 |
| 650 | 4 |
_aMedallas- _zEspaña. _9141425 |
|
| 852 |
_aES-MaACL _jC-2374(4) _cSPAL _zRevisado enlace: 21 de julio de 2025 |
||
| 856 | 4 |
_uhttp://bdh-rd.bne.es/viewer.vm?id=0000232859&page=1 _yBiblioteca Digital Hispánica |
|
| 942 | _2udc | ||
| 999 |
_c68986 _d68986 |
||